000 02881cam a2200301 4500500
005 20260322004356.0
041 _afre
042 _adc
100 1 0 _aYoro, Blé
_eauthor
700 1 0 _aKouamé, Atta
_eauthor
245 0 0 _aL’épilepsie chez les Bété de Côte d’Ivoire : signification étiologique et représentations sociales de la maladie
260 _c2015.
500 _a72
520 _aL’épilepsie se manifeste sous plusieurs formes et suscite en pays Bété, honte, peur et rejet. Une réflexion à partir du concept de représentation sociale auprès de douze informateurs dés interrogés à l’aide d’entretiens semi-dirigés, nous aide à comprendre comment et pourquoi il en est ainsi. Il ressort des résultats que la honte est principalement liée aux manifestations spectaculaires de la maladie, à son caractère imprévisible et au fait qu’elle est déclenchée en présence du public, donc une maladie non dissimulable. La peur qui entoure cette pathologie s’explique par le fait que ses manifestations symptomatiques s’apparentent à la mort, car non seulement les yeux du malade se tournent de côté comme ceux d’un cadavre, mais aussi il n’a pas conscience de ce qui lui arrive. Le rejet de la maladie et de sa victime est surtout lié au fait que l’épileptique est condamné au célibat chez les bété, ce qui met en cause toute possibilité de procréer, facteur de rupture de la descendance.
520 _aEpilepsy manifesta itself in many forms and taises in Bete country, shame, fear and rejection. A reflection from the concept of social representation to twelve key informants interviewed using semi-structured interviews, helps us to understand how and why this is so. The results show that the shame is mainly due to the spectacular manifestations of the disease, its unpredictability and the fact that it triggered by an audience, so a non-concealable disease. The fear that surrounds this disease is explained by the fact that its symptomatic manifestations are similar to death, because not only the eyes of the patient are turning aside like those of a corpse, but he is not aware of what happens to him. The rejection of the disease and ils victims is mainly related to the fact that the seizure is condemned to celibacy in Bete, which involves the possibility of reproductive failure offspring factor.
690 _aÉpilepsie
690 _aétiologie
690 _amanifestations symptomatiques
690 _areprésentations sociales
690 _asociété Béré
690 _aBete society
690 _aEpilepsy
690 _aetiology
690 _asocial représentations
690 _asymptomatic manifestations
786 0 _nPsy Cause | 70 | 3 | 2015-01-22 | p. 53-59 | 1245-2394
856 4 1 _uhttps://shs.cairn.info/revue-psy-cause-2015-3-page-53?lang=fr&redirect-ssocas=7080
999 _c1739815
_d1739815